| 000 | 00805nam a2200229Ia 4500 | ||
|---|---|---|---|
| 999 |
_c35162 _d35162 |
||
| 003 | GCL | ||
| 005 | 20240530102904.0 | ||
| 008 | 140319s9999 xx 000 0 ara d | ||
| 040 |
_aGCL / _cGCL |
||
| 082 | 0 | 4 |
_a191 _bس ب |
| 100 | 1 | _aعبدالرحمن بدوى | |
| 245 | 1 | 0 |
_aالبرهان من كتاب الشفاء / _cعبدالرحمن بدوى |
| 260 |
_a[S.N] : _bدار النهضة العربية ، _c1966 |
||
| 300 | _a261 ص | ||
| 490 |
_aسلسلة دراسات اسلامية _v0 |
||
| 650 | 0 | 4 | _aالفلسفة الاسلامية |
| 650 | 0 | 4 | _aتاريخ |
| 650 | 0 | 4 | _aالفلسفة |
| 650 | 0 | 4 | _aالتصوف الاسلامى |
| 700 | 1 | _aابن سينا: شرف الملك ابوعلى الحسين بن عبدالله الحسين على البخارى | |
| 942 |
_2ddc _cBK |
||